000 00663nam a2200241Ia 4500
003 OSt
005 20220918212159.0
006 a|||||r|||| 00| 0
007 ta
008 220917b |||||||| |||| 00| 0 eng d
024 _a127,654
037 _cTextual
040 _aARTS
_cARTS
_beng
041 _2eng
_aeng
082 _aX.5.M00<-J00, L4
100 _aEarle Peter Ed
_9122845
245 0 _aEssays in Europeand economic history 1500-1800
260 _aLondon
_bOxford Unviersity Press
_c1974
300 _avi, 273p.
_ccm.
650 _aECONOMICS
942 _hX.5.M00<-J00, L4
_cTEXL
_2CC
999 _c250796
_d250796